Factores que determinan la eleccion y movilizacion de usuarios entre las entidades promotoras de Salud : un analisis para regimen contributivo en Medellin (Registro nro. 344549)
[ vista simple ]
| 000 -CABECERA | |
|---|---|
| campo de control de longitud fija | 01048nam a2200301 u 4500 |
| 001 - NÚMERO DE CONTROL | |
| campo de control | 910195 |
| 005 - FECHA Y HORA DE LA ÚLTIMA TRANSACCIÓN | |
| campo de control | 20260506154534.0 |
| 008 - DATOS DE LONGITUD FIJA--INFORMACIÓN GENERAL | |
| campo de control de longitud fija | 050221s2005 ||||||m| spa |
| 035 ## - NÚMERO DE CONTROL DEL SISTEMA | |
| Número de control de sistema | 910195 |
| 040 ## - FUENTE DE LA CATALOGACIÓN | |
| Centro/agencia transcriptor | comduadb |
| 041 ## - CÓDIGO DE LENGUA | |
| Código de lengua del texto/banda sonora o título independiente | spa |
| 082 #4 - NÚMERO DE LA CLASIFICACIÓN DECIMAL DEWEY | |
| Número de clasificación | 368 |
| 100 10 - ENTRADA PRINCIPAL--NOMBRE DE PERSONA | |
| Nombre de persona | Ocampo Norena, Angela Maria |
| Código de función | aut |
| Término indicativo de función/relación | Autor/a |
| 9 (RLIN) | 402894 |
| 245 10 - TÍTULO PROPIAMENTE DICHO | |
| Título propiamente dicho | Factores que determinan la eleccion y movilizacion de usuarios entre las entidades promotoras de Salud : un analisis para regimen contributivo en Medellin |
| 260 ## - PUBLICACIÓN, DISTRIBUCIÓN, ETC. | |
| Lugar de publicación, distribución, etc. | Medellín : |
| Nombre del editor, distribuidor, etc. | [sin publicador], |
| Fecha de publicación, distribución, etc. | 2005. |
| 300 ## - DESCRIPCIÓN FÍSICA | |
| Extensión | 43 hojas |
| 502 ## - NOTA DE TESIS | |
| Tipo de título | Tesis (Economista). |
| Nombre de la institución que otorga el título | Universidad de Antioquia. Facultad de Ciencias Económicas, |
| 526 ## - NOTA DE INFORMACIÓN SOBRE EL PROGRAMA DE ESTUDIO | |
| Nombre del programa | Universidad de Antioquia. Facultad de Ciencias Económicas. Economía. |
| 650 ## - PUNTO DE ACCESO ADICIONAL DE MATERIA--TÉRMINO DE MATERIA | |
| Término de materia o nombre geográfico como elemento de entrada | Análisis estadístico |
| 9 (RLIN) | 29295 |
| 650 ## - PUNTO DE ACCESO ADICIONAL DE MATERIA--TÉRMINO DE MATERIA | |
| Término de materia o nombre geográfico como elemento de entrada | Régimen contributivo |
| 9 (RLIN) | 66734 |
| 650 ## - PUNTO DE ACCESO ADICIONAL DE MATERIA--TÉRMINO DE MATERIA | |
| Término de materia o nombre geográfico como elemento de entrada | Salud - Medellín (Antioquia, Colombia) |
| 9 (RLIN) | 157474 |
| 650 ## - PUNTO DE ACCESO ADICIONAL DE MATERIA--TÉRMINO DE MATERIA | |
| Término de materia o nombre geográfico como elemento de entrada | EPS (Empresas Promotoras de Salud) |
| 9 (RLIN) | 67892 |
| 650 ## - PUNTO DE ACCESO ADICIONAL DE MATERIA--TÉRMINO DE MATERIA | |
| Término de materia o nombre geográfico como elemento de entrada | Usuarios de salud |
| 9 (RLIN) | 95490 |
| 650 ## - PUNTO DE ACCESO ADICIONAL DE MATERIA--TÉRMINO DE MATERIA | |
| Término de materia o nombre geográfico como elemento de entrada | Utilidad (Economía) |
| 9 (RLIN) | 109521 |
| 700 10 - ENTRADA AGREGADA--NOMBRE PERSONAL | |
| Nombre de persona | Carmona Muñoz, Juan Diego |
| Código de función | aut |
| Término indicativo de función/relación | Autor/a |
| 9 (RLIN) | 402895 |
| 700 10 - ENTRADA AGREGADA--NOMBRE PERSONAL | |
| Nombre de persona | Vásquez Velásquez, Johanna |
| Código de función | ths |
| Término indicativo de función/relación | Asesor/a de tesis |
| 9 (RLIN) | 275613 |
| 942 ## - ELEMENTOS DE ENTRADA AGREGADA (KOHA) | |
| Tipo de ítem Koha | Tesis |
| Estado de retiro | Estado de pérdida | Estado dañado | No para préstamo | Código de colección | Localización permanente | Ubicación/localización actual | Fecha de adquisición | Fuente de adquisición | Número de inventario | Total de préstamos | Signatura topográfica completa | Código de barras | Fecha visto por última vez | Número de copia | Precio válido a partir de | Tipo de ítem Koha |
|---|---|---|---|---|---|---|---|---|---|---|---|---|---|---|---|---|
| Colección de Tesis. Piso 2 | Biblioteca Carlos Gaviria Díaz, Campus Medellín | Biblioteca Carlos Gaviria Díaz, Campus Medellín | 21/02/2005 | Material adquirido por donación | C856513 | 368.4 O15 | 0551796 | 26/04/2023 | 1 | 26/04/2023 | Tesis |